№ 5; Методы менеджмента качества

Podrobná bibliografie
Parent link:Методы менеджмента качества: научно-технический журнал/ Российская Федерация, Государственный комитет по стандартизации и метрологии (Госстандарт России). № 5.— , 1999-.— 0130-6898
Jazyk:ruština
Vydáno: 2001
Médium: MixedMaterials Kniha
KOHA link:https://koha.lib.tpu.ru/cgi-bin/koha/opac-detail.pl?biblionumber=506853

MARC

LEADER 00000nam2a2200000 4500
001 506853
005 20231101103318.0
035 |a (RuTPU)RU\TPU\prd\177984 
035 |a RU\TPU\prd\177972 
090 |a 506853 
100 |a 20130521a20019999k y0rusy50 ca 
101 0 |a rus 
102 |a RU 
200 0 |a № 5 
210 |d 2001 
461 1 |0 (RuTPU)RU\TPU\prd\1635  |x 0130-6898  |t Методы менеджмента качества  |o научно-технический журнал  |f Российская Федерация, Государственный комитет по стандартизации и метрологии (Госстандарт России)  |v № 5  |d 1999- 
801 0 |a RU  |b 63413507  |c 20010227  |g PSBO 
801 1 |a RU  |b 63413507  |c 20120924 
801 2 |a RU  |b 63413507  |c 20130521  |g RCR 
942 |c BK 
999 |a НТБ_ТПУ  |b НФ  |e -4/20130109  |p П-7520а  |u 0,00  |v 1